| 000 | 00805nam a2200205 4500 | ||
|---|---|---|---|
| 005 | 20211125020359.0 | ||
| 008 | 211125s1976 spa |||fr|||| 001 0 spa d | ||
| 040 |
_aCENDOC CAAAP _bspa _cCAAAP |
||
| 041 | _aspa | ||
| 050 |
_aPC 4899 _b.U98 |
||
| 100 |
_94483 _aUsher de Herreros, Beatriz |
||
| 245 | 1 |
_aCastellano Paraguayo : _bnotas para una gramatica contrastiva castellano-guaraní / _cBeatriz Usher de Herreros |
|
| 250 | _a1ra. ed. | ||
| 260 |
_aAsunción : _bCentro de Estudios Antropológicos, _c1976 |
||
| 300 | _a123 p. | ||
| 505 | 1 | _aContiene : Los accidentes gramaticales y la corcondancia -- Artículos, adjetivos, pronombres, El verbo -- Formas no personales del verbo:: los participios ha y va | |
| 650 | 1 | 0 |
_94358 _aGramática |
| 650 | 2 | 0 |
_94391 _aMorfología |
| 942 |
_2lcc _b25 - 11 - 21 _cBK |
||
| 999 |
_c2976 _d2976 |
||